[Event "Arab Cities-chT"]
[Site "Monastir"]
[Date "2013.10.30"]
[Round "4.3"]
[White "Almahjoub, Mokhtar"]
[Black "Meddeb, Anis"]
[Result "0-1"]
[WhiteElo "2154"]
[BlackElo "2101"]
[PlyCount "86"]
[EventDate "2013.10.27"]
[EventType "team-swiss"]
[EventRounds "7"]
[EventCountry "TUN"]
[SourceTitle "EXT 2014"]
[Source "ChessBase"]
[SourceDate "2013.11.20"]
[SourceVersion "1"]
[SourceVersionDate "2013.11.20"]
[SourceQuality "1"]
[WhiteTeam "Benghazi"]
[BlackTeam "Menzel Temime"]
[WhiteTeamCountry "LBY"]
[BlackTeamCountry "TUN"]

1. d4 Nf6 2. Nf3 e6 3. g3 Be7 4. Bg2 0-0 5. c4 d6 6. 0-0 Nbd7 7. Nc3 e5 8. d5 a5 9. Qc2 Nc5 10. e4 Bg4 11. Be3 b6 12. a3 Qc8 13. b4 axb4 14. axb4 Rxa1 15. Rxa1 Ncxe4 16. Nxe4 Nxe4 17. Nxe5 dxe5 18. Bxe4 f5 19. Bg2 Bxb4 20. Ra4 Bd6 21. c5 bxc5 22. Bxc5 e4 23. Ra7 Qb8 24. h3 Bh5 25. Bxd6 cxd6 26. Rc7 Bf7 27. Qc6 Qb3 28. Qxd6 Qxd5 29. Qa6 Qe6 30. Qa7 Rc8 31. Bf1 Rxc7 32. Qxc7 h6 33. Qc5 Kh7 34. Qe3 Qd5 35. h4 Bh5 36. Be2 Bxe2 37. Qxe2 Qd4 38. Kg2 Qc3 39. g4 Qd3 40. Qe3 Qxe3 41. fxe3 fxg4 42. Kg3 h5 43. Kf4 g5+ 0-1

[Event "Arab Cities-chT"]
[Site "Monastir"]
[Date "2013.10.29"]
[Round "3.3"]
[White "Jemai, Akram"]
[Black "Almahjoub, Mokhtar"]
[Result "1-0"]
[WhiteElo "2154"]
[BlackElo "2154"]
[PlyCount "64"]
[EventDate "2013.10.27"]
[EventType "team-swiss"]
[EventRounds "7"]
[EventCountry "TUN"]
[SourceTitle "EXT 2014"]
[Source "ChessBase"]
[SourceDate "2013.11.20"]
[SourceVersion "1"]
[SourceVersionDate "2013.11.20"]
[SourceQuality "1"]
[WhiteTeam "La tour Blache"]
[BlackTeam "Benghazi"]
[WhiteTeamCountry "TUN"]
[BlackTeamCountry "LBY"]

1. c4 c5 2. Nf3 b6 3. Nc3 Bb7 4. e3 Nf6 5. Be2 g6 6. 0-0 Bg7 7. d4 0-0 8. d5 d6 9. e4 Nbd7 10. Bg5 h6 11. Bc1 a6 12. a4 Qc7 13. h3 Rad8 14. Bf4 Ne5 15. Nxe5 dxe5 16. Be3 g5 17. a5 bxa5 18. Qa4 Rc8 19. Qxa5 Qd6 20. b4 Nd7 21. Na4 Qc7 22. Nxc5 Nxc5 23. Qxc7 Rxc7 24. Bxc5 f5 25. f3 fxe4 26. fxe4 Rf4 27. Bd3 Rf8 28. Rxf8+ Kxf8 29. Kf2 Bc8 30. Bb6 Rb7 31. c5 Rb8 32. Bxa6 Ra8 1-0

[Event "Arab Cities-chT"]
[Site "Monastir"]
[Date "2013.10.27"]
[Round "1.3"]
[White "Al Zayat, Ahmed"]
[Black "Almahjoub, Mokhtar"]
[Result "1-0"]
[WhiteElo "2086"]
[BlackElo "2154"]
[PlyCount "77"]
[EventDate "2013.10.27"]
[EventType "team-swiss"]
[EventRounds "7"]
[EventCountry "TUN"]
[SourceTitle "EXT 2014"]
[Source "ChessBase"]
[SourceDate "2013.11.20"]
[SourceVersion "1"]
[SourceVersionDate "2013.11.20"]
[SourceQuality "1"]
[WhiteTeam "Tripoli"]
[BlackTeam "Benghazi"]
[WhiteTeamCountry "LBY"]
[BlackTeamCountry "LBY"]

1. c4 e5 2. g3 d5 3. Bg2 Nf6 4. Nf3 Be7 5. 0-0 0-0 6. Nc3 b6 7. d4 Bb7 8. Nxe5 c6 9. Bf4 Nbd7 10. Qa4 Nxe5 11. Bxe5 Bd6 12. Rfd1 Ng4 13. Bxd6 Qxd6 14. e4 f5 15. e5 Qe7 16. cxd5 cxd5 17. h3 Nh6 18. f4 Rfc8 19. Nb5 Bc6 20. Qa3 Qxa3 21. Nxa3 Kf8 22. Rac1 Bd7 23. Bf1 Ke7 24. Ba6 Rxc1 25. Rxc1 Kd8 26. Kf2 Ng8 27. g4 Ne7 28. Rc3 g6 29. Kg3 Bc8 30. Bd3 Bd7 31. gxf5 gxf5 32. Kh4 Nc6 33. Nc2 Ne7 34. Ba6 Bc8 35. Be2 Bd7 36. Kg5 Rc8 37. Bh5 Nc6 38. Kh6 Ke7 39. Kxh7 1-0

[Event "Alexandria op 18th"]
[Site "Alexandria"]
[Date "2012.08.27"]
[Round "1"]
[White "Fawzy, Adham"]
[Black "Almahjoub, Mokhtar"]
[Result "1/2-1/2"]
[WhiteElo "1826"]
[BlackElo "2161"]
[PlyCount "121"]
[EventDate "2012.08.27"]
[EventType "swiss"]
[EventRounds "9"]
[EventCountry "EGY"]
[SourceTitle "CBM 150 Extra"]
[Source "ChessBase"]
[SourceDate "2012.10.19"]
[SourceVersion "1"]
[SourceVersionDate "2012.10.19"]
[SourceQuality "1"]

1. e4 e5 2. Nf3 d6 3. d4 exd4 4. Qxd4 Nc6 5. Bb5 Bd7 6. Bxc6 Bxc6 7. Nc3 Nf6 8. Bg5 Be7 9. 0-0-0 0-0 10. Rhe1 Nd7 11. Bxe7 Qxe7 12. Nd5 Bxd5 13. exd5 Qf6 14. Qe3 Qd8 15. Qd3 Qf6 16. Re3 Rfe8 17. Rde1 Rxe3 18. Qxe3 h6 19. Kb1 Nb6 20. Qe4 a5 21. a4 Nd7 22. Qe7 Qxe7 23. Rxe7 Rd8 24. b3 Kf8 25. Re2 Nf6 26. c4 Re8 27. Rxe8+ Kxe8 28. Nd4 Ng4 29. f3 Nxh2 30. Nf5 g6 31. Ng3 h5 32. Kc2 h4 33. Ne4 h3 34. gxh3 Nxf3 35. Kd3 f5 36. Nf2 Ke7 37. Ke3 Ne5 38. h4 Nd7 39. Nh3 Nc5 40. Kf4 Kf6 41. Ng5 Nd3+ 42. Ke3 Nc5 43. Kf4 Nxb3 44. Ne6 c6 45. dxc6 bxc6 46. Nd8 d5 47. cxd5 cxd5 48. Nc6 d4 49. Ne5 Nc5 50. Nc4 Nxa4 51. Nxa5 Nc5 52. Nc4 Nd3+ 53. Kg3 f4+ 54. Kg2 f3+ 55. Kg3 f2 56. Nd2 Kf5 57. Kf3 Ne5+ 58. Kxf2 Kg4 59. Nb3 d3 60. Ke3 Kxh4 61. Kd4 1/2-1/2